Keys to the insects of the European part of the USSR / (Record no. 136884)

MARC details
000 -LEADER
fixed length control field 00634nam a2200205 4500
010 ## - LIBRARY OF CONGRESS CONTROL NUMBER
LC control number A-437478
035 ## - SYSTEM CONTROL NUMBER
System control number A-437478
037 ## - SOURCE OF ACQUISITION
Source of stock number/acquisition Cen Lib / Ret
040 ## - CATALOGING SOURCE
Original cataloging agency DPL
Language of cataloging EN
082 ## - DEWEY DECIMAL CLASSIFICATION NUMBER
Classification number 595.70947
Item number DIP
100 ## - MAIN ENTRY--PERSONAL NAME
Personal name Diptera
245 ## - TITLE STATEMENT
Title Keys to the insects of the European part of the USSR /
Statement of responsibility, etc by Diptera [and] Siphonaptera
260 ## - PUBLICATION, DISTRIBUTION, ETC. (IMPRINT)
Place of publication, distribution, etc Washington
Name of publisher, distributor, etc The National Science Foundation
Date of publication, distribution, etc 1988
270 ## - ADDRESS
Address The National Science Foundation
City Washington
300 ## - PHYSICAL DESCRIPTION
Extent 1505p
Dimensions 24cm(Hb)
650 ## - SUBJECT ADDED ENTRY--TOPICAL TERM
Topical term or geographic name as entry element Insects -- Soviet Union.
650 ## - SUBJECT ADDED ENTRY--TOPICAL TERM
Topical term or geographic name as entry element Insects
700 ## - ADDED ENTRY--PERSONAL NAME
Personal name Siphonaptera
942 ## - ADDED ENTRY ELEMENTS (KOHA)
Source of classification or shelving scheme Dewey Decimal Classification
Koha item type English Books
Classification part 595.70947
Call number suffix DIP
Holdings
Withdrawn status Lost status Materials specified (bound volume or other part) Damaged status Not for loan Home library Current library Date acquired Source of acquisition Total Checkouts Full call number Barcode Date last seen Copy number Price effective from Koha item type
    v 5     Central Library Central Library 11/03/2016 Cen Lib/Ret   595.70947 DIP A-437478 11/03/2016 1 11/03/2016 English Books

© Delhi Public Library
Hit Counter
free hit counter